000
00478nam a2200145Ia 4500
008
100122s9999 xx 000 0 und d
082
_b
13439
_a
823
100
_a
खांडेकर वि स
245
_a
रिकामा देव्हारा
260
_b
दा.ना.मोघे प्रकाशन
_c
1965
300
_a
152
630
_a
रिकामा देव्हारा
730
_a
रिकामा देव्हारा
942
_c
BOOK
999
_c
404261
_d
404258